[Event "IRI-ch Online"]
[Site "Chess.com INT"]
[Date "2021.03.17"]
[Round "5"]
[White "Delavari, Behnood"]
[Black "Naserpour, Yones"]
[Result "1-0"]
[WhiteElo "1338"]
[BlackElo "1704"]
[PlyCount "105"]
[EventDate "2021.03.15"]
[EventType "swiss (rapid)"]
[EventRounds "11"]
[EventCountry "IRI"]
[SourceTitle "CBM 201 Extra"]
[Source "ChessBase"]
[SourceDate "2021.05.31"]
[SourceVersion "1"]
[SourceVersionDate "2021.05.31"]
[SourceQuality "1"]

1. e4 e5 2. Nf3 Nc6 3. Bb5 Bc5 4. 0-0 d6 5. c3 a6 6. Ba4 b5 7. Bc2 Bg4 8. h3 Bh5 9. a4 Nf6 10. Qe2 0-0 11. axb5 axb5 12. Rxa8 Qxa8 13. b4 Bb6 14. Na3 Na7 15. Bb2 c6 16. Qd3 Qd8 17. Nh4 Bg6 18. Nxg6 hxg6 19. c4 Nh5 20. Bb3 Nf4 21. Qf3 bxc4 22. Nxc4 Nb5 23. d3 Nd4 24. Bxd4 Bxd4 25. Na5 Qb6 26. Rb1 Kh8 27. Ba4 c5 28. Nc4 Qa6 29. Bd7 Qa2 30. Rf1 cxb4 31. g3 Nh5 32. Bb5 Bc5 33. Ne3 Nf6 34. Bc4 Qa7 35. Nc2 Rb8 36. Na1 Kg8 37. Nb3 Qb6 38. g4 Rb7 39. Ra1 Ra7 40. Rb1 Qc7 41. Rc1 Qb6 42. Kg2 Qd8 43. Kg1 Qe7 44. Rc2 Nh7 45. Bd5 Ng5 46. Qg3 Rc7 47. Kg2 Ne6 48. Bc4 Nf4+ 49. Kh2 Kf8 50. Ra2 Ra7 51. Rb2 Ra3 52. g5 Qa7 53. Qg4 1-0

[Event "IRI-ch U10"]
[Site "Chess.com INT"]
[Date "2021.01.16"]
[Round "6"]
[White "Habibifard, Parham"]
[Black "Delavari, Behnood"]
[Result "0-1"]
[WhiteElo "1408"]
[BlackElo "1338"]
[PlyCount "58"]
[EventDate "2021.01.16"]
[EventType "swiss"]
[EventRounds "11"]
[EventCountry "IRI"]
[SourceTitle "EXT 2022"]
[Source "ChessBase"]
[SourceDate "2021.10.06"]
[SourceVersion "1"]
[SourceVersionDate "2021.10.06"]
[SourceQuality "1"]

1. e4 c5 2. Nf3 Nc6 3. d4 cxd4 4. Nxd4 Nf6 5. Nc3 d6 6. Be2 g6 7. Be3 Bg7 8. Qd2 Bd7 9. 0-0-0 a6 10. f3 b5 11. g4 Qa5 12. Kb1 Nxd4 13. Bxd4 Be6 14. Nd5 Qxd2 15. Rxd2 Bxd5 16. Bxf6 Bxa2+ 17. Kxa2 Bxf6 18. f4 0-0 19. Bf3 Ra7 20. h4 b4 21. g5 Bg7 22. h5 a5 23. f5 a4 24. Bg4 gxf5 25. Bxf5 Rb8 26. g6 b3+ 27. cxb3 axb3+ 28. Kb1 Rba8 29. gxf7+ Kf8 0-1